| 000 | 00403nam a2200157Ia 4500 | ||
|---|---|---|---|
| 008 | 230711s9999||||xx |||||||||||||| ||und|| | ||
| 041 | _aENG | ||
| 082 |
_a4 _bFO-D |
||
| 100 | _aForouzan,Behrouz A | ||
| 245 | 0 | _aData communication and networking | |
| 250 | _a2nd Ed. | ||
| 260 |
_c2006 _aNew Delhi _bTata McGraw Hill Education Limited |
||
| 300 | _a944 | ||
| 650 | _aComputer Engineering | ||
| 942 | _cBK | ||
| 999 |
_c4586 _d4586 |
||